000 00897nam a22003257a 4500
001 BR2013007136
003 BR-BrBNA
005 20230928104246.0
007 ta
008 230509b bl.||||| |||| 00| 0 por d
040 _aBR-BrBNA
_bpor
_cBiblioteca Nacional de Agricultura
041 _a(Por)
072 _aL50
090 _ L50 BR2013007136
100 1 _aGurtler, H.
100 1 _akolb, E.
100 1 _aKetz, H.A.
100 1 _aSeidel, H. (eds.)
100 1 _aGandolfi, W. (trad.)
245 1 _aFisiologia veterinária
250 1 _a4. ed.
260 3 _aRio de Janeiro, RJ (Brasil):
_bGuanabara koogan,
_c1987.
300 _a612 p.
500 _aIncludes several bibliographies; Summary (Por); 432 illus.; 325 tables
650 _aFISIOLOGIA ANIMAL
650 _aVETERINÁRIA
650 _aCOMPORTAMENTO ANIMAL
909 _a202309
_bLucia
_c55
_dLucia Elande
942 _cBK
999 _c78947
_d78947